000 00498nam a2200181Ia 4500
005 20250508151918.0
008 008 250505s9999 xx 000 0 eng d
037 _aTextual
040 _aFEDL
_beng
_cFEDL
041 _aeng
_2eng
084 _a379.15, MEL
_qFEDL
100 _aMelby Ernest O
245 0 _aAdministering community education
260 _aEnglewood Cliffs
_b Prentice-Hall
_c1955
300 _a325p.
942 _cTEXL
_h379.15, MEL
999 _c1332903
_d1332903